|
|
|
|
| LEADER |
01381nab#a2200457#ar4500 |
| 001 |
000110230 |
| 003 |
SVKKK |
| 005 |
20130417093615.0 |
| 008 |
130417c2012 xo |||||||||||||||b|eng |
| FMT |
|
|
|
| 015 |
|
|
|a SNBRB2013/04
|
| 038 |
|
|
|a SVKKK
|
| 040 |
|
|
|a SVKKK
|b slo
|e AACR2
|
| 041 |
0 |
|
|a eng
|b eng
|
| 044 |
|
|
|a xo
|c SK
|
| 080 |
|
|
|a 556.537
|2 2008
|
| 080 |
|
|
|a 631.442.3
|2 2008
|
| 242 |
1 |
0 |
|a Vplyv rastlín a biologického pôdneho pokryvu na hydrofyzikálne parametre a prúdenie vody v piesočnatej pôde
|
| 245 |
1 |
0 |
|a Plants and biological soil crust influence the hydrophysical parameters and water flow in an aeolian sandy soil
|c Ľubomír Lichner ... [et al.]
|
| 300 |
|
|
|b Obr., tab.
|
| 504 |
|
|
|a Bibliogr. odkazy
|
| 504 |
|
|
|a Res. angl.
|
| 650 |
0 |
4 |
|a prúdenie vody
|
| 650 |
0 |
4 |
|a piesočnaté pôdy
|
| 650 |
0 |
4 |
|a vodoodpudivosť
|
| 650 |
0 |
4 |
|a hydrofyzikálne parametre
|
| 700 |
1 |
|
|a Lichner, Ľubomír
|4 aut
|
| 700 |
1 |
|
|a Holko, Ladislav
|4 aut
|
| 700 |
1 |
|
|a Zhuková, Natália
|4 aut
|
| 700 |
1 |
|
|a Schacht, Karsten
|4 aut
|
| 700 |
1 |
|
|a Rajkai, Kálmán
|4 aut
|
| 700 |
1 |
|
|a Fodor, Nándor
|4 aut
|
| 700 |
1 |
|
|a Sándor, Renáta
|4 aut
|
| 773 |
0 |
|
|t Journal of hydrology and hydromechanics
|g Roč. 60, č. 4 (2012), s. 309-318
|x 0042-790X
|
| 958 |
|
|
|a NB
|
| 974 |
|
|
|a Ma
|
| 992 |
|
|
|a RBX
|
| BAS |
|
|
|
| 852 |
|
|
|a SVKKK
|b BIB
|
| EXP |
|
|
|
| 998 |
|
|
|a GEO
|